000 00682nam a2200217 i 4500
001 bg
100 1 _aMALINOWSKI, Andrzej
245 1 0 _aRedagowanie tekstu prawnego :
_bwybrane wskazania logiczno-językowe /
_cAndrzej Malinowski.
260 _aWarszawa :
_bWydawnictwo Prawnicze LexisNexis,
_c2006.
300 _a211 s. ;
_c21 cm.
650 9 _aTekst prawny
650 9 _aSztuka pisania
020 _a9788373346567
040 _cBPK
041 0 _apol
080 _a34:808.2
920 _a978-83-7334-656-7
942 _cKS
008 s pl f |000 0 pol
999 _c53320
_d53320
856 _uhttp://koha.tu.koszalin.pl/cgi-bin/koha/opac-detail.pl?biblionumber=53320
_yKatalog online BPK